| 000 | 01675cam a22003734a 4500 | ||
|---|---|---|---|
| 001 | 14221772 | ||
| 005 | 20061207122648.0 | ||
| 008 | 060108r20062008enk |rb 001 0 eng | ||
| 010 | _a 2006000589 | ||
| 020 | _a9780199548453 | ||
| 035 | _a(OCoLC)ocm62878681 | ||
| 035 | _a(OCoLC)62878681 | ||
| 040 |
_aDLC _cDLC _dBAKER _dBWKUK _dYDXCP _dOCLCQ _dYDX _dCOO _dDLC |
||
| 042 | _apcc | ||
| 050 | 0 | 0 |
_aH97 _b.O88 2006 |
| 082 | 0 | 0 |
_a320.6 _222 _bPUB |
| 245 | 0 | 4 |
_aThe Oxford Handbook of Public Policy / _cEdited by Michael Moran, Martin Rein and Robert E. Goodin. |
| 246 | 3 | 0 | _aHandbook of public policy |
| 246 | 3 | 0 | _aPublic policy |
| 260 |
_aOxford ; _aNew York : _bOxford University Press, 2008 _c2008 |
||
| 300 |
_axii, 983 p. ; _c26 cm. |
||
| 490 | _aThe Oxford Handbooks of Political Science | ||
| 500 | _aOriginally published: 2006; first published in paperback: 2008. | ||
| 504 | _aIncludes bibliographical references and indexes. | ||
| 650 | 0 |
_aPolicy sciences. _913225 |
|
| 700 | 1 |
_aMoran, Michael, _d1946- _913226 |
|
| 700 | 1 |
_aRein, Martin, _d1928- _913227 |
|
| 700 | 1 |
_aGoodin, Robert E. _913228 |
|
| 856 | 4 | 1 |
_3Table of contents only _uhttp://www.loc.gov/catdir/toc/ecip066/2006000589.html |
| 856 | 4 | 2 |
_3Publisher description _uhttp://www.loc.gov/catdir/enhancements/fy0635/2006000589-d.html |
| 942 |
_2ddc _cREFERENCE |
||
| 999 |
_c13808 _d13808 |
||